| Tag |
First Indicator |
Second Indicator |
Subfields |
| LEADER |
00000cam a22000008a 4500 |
| 001 |
in00000001795 |
| 005 |
20151007050642.0 |
| 008 |
980706s1998 alua b f000 0 eng |
| 010 |
|
|
|a 98028058
|
| 020 |
|
|
|c $11.00
|
| 035 |
|
|
|a (OCoLC)39498261
|
| 035 |
|
|
|9 AJC5063AM
|
| 037 |
|
|
|a 008-070-00743-6
|b GPO
|
| 040 |
|
|
|d SCT
|d GPO
|d DLC
|d MvI
|d UtOrBLW
|
| 043 |
|
|
|a n-us---
|
| 049 |
|
|
|a UDOC
|
| 050 |
0 |
0 |
|a UG1523
|b .N48 1998
|
| 074 |
|
|
|a 0422-K
|
| 082 |
0 |
0 |
|a 358/.8/0973
|2 21
|
| 086 |
0 |
|
|a D 301.26/6:SP 1/7
|
| 100 |
1 |
|
|a Newberry, Robert D.,
|d 1964-
|
| 245 |
1 |
0 |
|a Space doctrine for the twenty-first century /
|c Robert D. Newberry.
|
| 246 |
3 |
|
|a Space doctrine for the 21st century
|
| 264 |
|
1 |
|a Maxwell Air Force Base, Ala. :
|b Air University Press ;
|c [1998]
|
| 264 |
|
2 |
|a Washington, DC :
|b For sale by the Supt. of Docs., US G.P.O.,
|
| 300 |
|
|
|a xi, 68 pages :
|b illustrations ;
|c 28 cm.
|
| 336 |
|
|
|a text
|b txt
|2 rdacontent
|
| 337 |
|
|
|a unmediated
|b n
|2 rdamedia
|
| 338 |
|
|
|a volume
|b nc
|2 rdacarrier
|
| 500 |
|
|
|a Shipping list number: 99-0027-P.
|
| 500 |
|
|
|a "October 1998."
|
| 504 |
|
|
|a Includes bibliographical references.
|
| 650 |
|
0 |
|a Astronautics, Military
|z United States.
|
| 650 |
|
0 |
|a Astronautics and state
|z United States.
|
| 650 |
|
0 |
|a Military doctrine
|z United States.
|
| 710 |
2 |
|
|a Air University (U.S.).
|b Press.
|
| 999 |
|
|
|a MARS
|
| 999 |
f |
f |
|s 9f4f1074-02f4-380c-af70-b4d4d5669d70
|i d13448a1-422c-3a75-8e5f-26b4469d26d4
|t 0
|
| 952 |
f |
f |
|p ric
|a Texas A&M University
|b Rellis Campus
|c Joint Library Facility
|d Remote Storage
|t 0
|e UG1523 .N48 1998
|h Library of Congress classification
|i unmediated -- volume
|m A14827427589
|
| 998 |
f |
f |
|a UG1523 .N48 1998
|t 0
|l Remote Storage
|